|
|
|
|
| LEADER |
00000ny a22000003n 4500 |
| 005 |
20110623183721.0 |
| 008 |
100324s1997 sp s 000 0 spa d |
| 020 |
|
|
|a 9788489171633
|
| 035 |
|
|
|a 4850
|
| 040 |
|
|
|d vlex
|
| 080 |
|
|
|a 342 460
|
| 080 |
|
|
|a 342.531.43 460
|
| 090 |
|
|
|c 1171
|d 1171
|
| 100 |
|
|
|a Garca̕ ℓlvarez, Gerardo
|
| 245 |
1 |
3 |
|a La funcin̤ constitucional del Consejo de Estado
|h [Recurso electrn̤ico]
|c Gerardo Garca̕ ℓlvarez
|
| 256 |
|
|
|a Servicio en ln̕ea
|
| 260 |
|
|
|a Barcelona :
|b Cedecs,
|c 1996
|
| 300 |
|
|
|a p. ;
|c cm
|
| 506 |
1 |
|
|a Contenido solo disponible en los productos indicados
|d vLex Global
|d vLex Global (Academic Edition, excluding Law Schools)
|d vLex Global (U.S. Academic Edition, Law Schools)
|d vLex Global (U.S. Academic Edition, excluding Law Schools)
|d vLex Global (Academic Edition, Law Schools)
|
| 610 |
1 |
4 |
|a Espaą.
|b Consejo de Estado
|
| 650 |
0 |
4 |
|a Derecho constitucional
|z Espaą
|
| 740 |
0 |
|
|a vLex Libros (Servicios en ln̕ea)
|
| 856 |
|
|
|z Acceso restringido
|u http://vlex.com/source/funcion-constitucional-consejo-estado-4850
|
| 942 |
|
|
|c BOOK
|